| 000 | 00704nam a2200253Ia 4500 | ||
|---|---|---|---|
| 003 | OSt | ||
| 005 | 20221006143709.0 | ||
| 006 | a|||||r|||| 00| 0 | ||
| 007 | ta | ||
| 008 | 221006b |||||||| |||| 00| 0 eng d | ||
| 020 |
_c _28.50 |
||
| 024 | _a9,704 | ||
| 037 | _cTextual | ||
| 040 |
_aEASL _cEASL _beng |
||
| 041 |
_2eng _aeng |
||
| 082 | _aX5:8.1.N89, N0 | ||
| 100 |
_aRODE Reinhard Ed. _9650274 |
||
| 245 | 0 |
_aGatt and conflict management _b A transatlantic strategy for a stronger regime |
|
| 260 |
_aHong Kong _bBoulder _c1990 |
||
| 300 |
_a124p. _ccm. |
||
| 490 | _v Oth | ||
| 942 |
_hX5:8.1.N89, N0 _cTEXL _2CC |
||
| 999 |
_c1077790 _d1077790 |
||